Enfoque: el único futuro de su empresa

Guardat en:
Dades bibliogràfiques
Autor principal: Ries, Al (Autor)
Format: Llibre
Idioma:espanyol
Publicat: Ciudad de México McGraw-Hill 1996
Edició:1a. ed
Matèries:
Etiquetes: Afegir etiqueta
Sense etiquetes, Sigues el primer a etiquetar aquest registre!

MARC

LEADER 00000cam a2200000 a 4500
001 UCD8953
003 CL-VaPUC
008 170527e19960000mx |||||||||||||||||spa|d
020 |a 9701009924 
082 0 4 |a 658.404  |b RIE  |2 21 
100 0 |a Ries, Al  |e author  |9 592574 
245 1 0 |a Enfoque: el único futuro de su empresa 
250 |a 1a. ed 
300 |a 347 p 
942 |c BK 
945 |d 20170527 00:32:00  |a arojas 
260 |a Ciudad de México  |b McGraw-Hill  |c 1996 
650 7 |a GERENCIA DE EMPRESAS  |2 CL-VaPUC  |9 375855 
650 0 |a Modelos de negocio  |9 565102 
650 0 |a Toma de decisiones   |9 257530 
650 0 |a Estrategia empresarial  |9 527361 
583 |a last modification  |c 20170527 00:32:00  |k Rodrigo Vera 
999 |c 368259  |d 368257